00531nam a2200193Ia 4500008004100000020001500041040001900056041001200075082002500087100002000112245003600132260003600168300002400204440003700228504001900265650002100284651001400305850001800319131103s9999 xx 000 0 und d a8125007431 aLoreto College aEnglish a920/SCObLCBED/11953 aCourtney, Julia aSir Peter ScottcJulia Courtney aHyderabadbOrient longmanc1995 a64p.b pic.c 18cm. aPeople who have helped the world aIncludes index aScott, Sir Peter aBiography aLCBED/920/SCO